Autoempleo (Registro nro. 162)

Detalles MARC
000 -LEADER
fixed length control field 01393 a2200217 4500
001 - CONTROL NUMBER
control field 247
005 - DATE AND TIME OF LATEST TRANSACTION
control field 20260407155416.0
008 - FIXED-LENGTH DATA ELEMENTS--GENERAL INFORMATION
fixed length control field 260407a2005 arg spa d
003 - CONTROL NUMBER IDENTIFIER
control field AR-UNSa-BCEJYS
040 ## - CATALOGING SOURCE
Original cataloging agency AR-UNSa-BCEJYS
Language of cataloging spa
Transcribing agency AR-UNSa-BCEJYS
080 ## - UNIVERSAL DECIMAL CLASSIFICATION NUMBER
Universal Decimal Classification number 331.526.9
Common auxiliary subdivision Autoempleo
100 1# - MAIN ENTRY--PERSONAL NAME
Personal name Alles, Martha Alicia
245 10 - TITLE STATEMENT
Title Autoempleo
Name of part/section of a work una salida frente al desempleo
250 ## - EDITION STATEMENT
Edition statement 1a. ed
264 #1 - PRODUCTION, PUBLICATION, DISTRIBUTION, MANUFACTURE, AND COPYRIGHT NOTICE
Place of production, publication, distribution, manufacture Buenos Aires :
Name of producer, publisher, distributor, manufacturer Granica
Date of production, publication, distribution, manufacture, or copyright notice 2005
300 ## - PHYSICAL DESCRIPTION
Extent 89 p.
Dimensions 18 cm
505 ## - FORMATTED CONTENTS NOTE
Formatted contents note 1. Autoempleo: una salida - 2. ¿Qué es el autoempleo? - 3. Diferencia entre autoempleo y empresa - 4. Cómo surge la idea de iniciar una actividad, negocio o microemprendimiento - 5. Características de personalidad para el autoempleo - 6. Cómo elegir una actividad - 7. Fortalezas y debilidades - 8. Conocimientos actuales + lo que pueda aprender - 9. Destrezas o habilidades - 10. Competencias no técnicas - 11. Cómo relacionar las competencias técnicas y las no técnicas - 12. Cómo generar una idea - 13. Cómo relacionar intereses diversos - 14. Retiro anticipado y autoempleo - 15. Recomendaciones para iniciar una actividad - 16. 100 ideas para el autoempleo - 17. Unas Palabras sobre la autora<br/>
590 ## - LOCAL NOTE (RLIN)
Local note niveau_biblio:m niveau_hierar:0
856 41 - ELECTRONIC LOCATION AND ACCESS
Uniform Resource Identifier <a href="https://biblioeco.unsa.edu.ar/pmb/images/libros/Autoempleo Alles, Martha Alicia (2005).jpg">https://biblioeco.unsa.edu.ar/pmb/images/libros/Autoempleo Alles, Martha Alicia (2005).jpg</a>
Link text Imagen de portada
Electronic format type image/jpeg
942 ## - ADDED ENTRY ELEMENTS (KOHA)
Koha item type
Existencias
Withdrawn status Lost status Damaged status Not for loan Home library Current library Shelving location Date acquired Total checkouts Full call number Barcode Date last seen Price effective from Koha item type
        Biblioteca Prof. Eusebio Cleto del Rey Biblioteca Prof. Eusebio Cleto del Rey   07/04/2026   331.526.9 A434 L117530 07/04/2026 07/04/2026 Libro
        Biblioteca Prof. Eusebio Cleto del Rey Biblioteca Prof. Eusebio Cleto del Rey   07/04/2026   331.526.9 A434 L117531 07/04/2026 07/04/2026 Libro